000
00309nam a2200133Ia 4500
008
191201s2006 xx 000 0 und d
082
_a
005.133
_b
MCH
100
_a
MCLAUGHLIN, Brett
245
0
_a
Head Rush Ajax
260
_a
N.Delhi
_b
O.Reil
_c
2006
300
_a
413
650
_a
B.Tech(IT)
942
_2
ddc
_c
BK
999
_c
3121
_d
3121